IFM Opac

Smith and keenan,s company law (Record no. 20420)

MARC details
000 -LEADER
fixed length control field 00334nam a22001457a 4500
020 ## - INTERNATIONAL STANDARD BOOK NUMBER
International Standard Book Number 1405811587
082 ## - DEWEY DECIMAL CLASSIFICATION NUMBER
Classification number 346.06kee
100 ## - MAIN ENTRY--PERSONAL NAME
Personal name keenan,Denis J.
245 ## - TITLE STATEMENT
Title Smith and keenan,s company law
250 ## - EDITION STATEMENT
Edition statement 13 ed.
260 ## - PUBLICATION, DISTRIBUTION, ETC.
Place of publication, distribution, etc. london
Name of publisher, distributor, etc. Pearson longman
Date of publication, distribution, etc. 2005
300 ## - PHYSICAL DESCRIPTION
Extent xxxii,584p
Other physical details ill;23cm
500 ## - GENERAL NOTE
General note index
942 ## - ADDED ENTRY ELEMENTS (KOHA)
Koha item type Books
Holdings
Withdrawn status Lost status Damaged status Not for loan Home library Current library Shelving location Date acquired Total Checkouts Full call number Barcode Date last seen Price effective from Koha item type
        IFM Main Campus Library IFM Main Campus Library Stack Collection 08/21/2019   346.06kee 34757\10 08/21/2019 08/21/2019 Books
        IFM Main Campus Library IFM Main Campus Library Stack Collection 08/21/2019   346.06kee   08/21/2019 08/21/2019 Books
        IFM Main Campus Library IFM Main Campus Library   08/21/2019   346.06kee   08/21/2019 08/21/2019 Books